000 00701nam a22002177a 4500
999 _c5737
_d5737
003 AR-CdUCM
008 190313b ||||| |||| 00| 0 spa d
040 _aMUNICIPALIDAD PROVINCIAL DEL CUSCO
_cBIBLIOTECA MUNICIPAL DEL CUSCO
082 _a869.44 /
_bF17
100 _aFajardo de Perelman, Leticia
_917076
245 _aPampa, metal y sangre /
260 _aLa Paz :
_bEditorial La Paz,
_c1959.
300 _a118 paginas ;
_c26 cm.
500 _aDonación de la familia Nieto.
505 _aContenido :Pampa, metal y sangre.
650 _aPoesías bolivianas
_917077
650 _aLiteratura boliviana
_94271
650 _aLiteratura contemporánea
_9759
942 _2ddc
_cLIBROS
945 _arum